Представление документа в формате RUSMARC

ПолеНазваниеЗначение
  Тип записи a
  Библиографический уровень c
001 Контрольный номер SKBR/f2b6d451-5f29-4c19-968d-24cfed8499a4
005 Дата корректировки 20251219143150.2
010 Индекс ISBN __
a ISBN 978-5-87591-441-6
b Уточнения в пер.
9 Тираж 200 экз.
d Цена 1330-00
035 Другие системные номера __
a Идентификатор записи RU/Тюменская ОНБ/EKC/84/Ш 19-265760622
100 Данные общей обработки __
a Данные общей обработки 20250402d2024 me y0rusy028902 ca
101 Язык документа 0_
a Язык текста rus
102 Страна публикации __
a Страна публикации RU
105 Кодированные данные (монография) __
a Кодированные данные (монография) y z 000ay
181 Поле кодированных данных: вид содержания _0
a Код вида содержания (ISBD) i
182 Поле кодированных данных: тип средства _0
a Код типа средства (ISBD) n
200 Заглавие и сведения об ответственности 1_
a Заглавие Муза-пересмешница
e Сведения, относящиеся к заглавию стихи, пародии, эпиграммы
f Первые сведения об ответственности Николай Шамсутдинов
203 Вид содержания и тип средства __
a Вид содержания Текст
c Тип средства непосредственный
210 Выходные данные 1_
a Место издания Тюмень
c Издательство Тюменский дом печати
d Дата издания 2024
215 Физическое описание __
a Объем 223 с.
d Формат 22 см
330 Аннотация __
a Аннотация В книге собраны ироничные стихи, искрометные пародии, эпиграммы... Большой знаток и ревнитель родного языка, поэт кровно озабочен состоянием дел в отечественной изящной словесности. И тогда из-под его критического пера выходят сатирические вещи, в том числе и пародии на известных и не очень известных авторов.
333 Примечание о целевом назначении __
a Примечание о целевом назначении 16+. Для детей старше 16 лет
464 Аналитический уровень _0
1 2001
a Пересмешница вечности
464 Аналитический уровень _0
1 2001
a С классиками
464 Аналитический уровень _0
1 2001
a Духовность
464 Аналитический уровень _0
1 2001
a Задушевное
464 Аналитический уровень _0
1 2001
a Я массам не писал, пеняя им, в угоду
464 Аналитический уровень _0
1 2001
a Латышский экскиз
464 Аналитический уровень _0
1 2001
a Лирический избыток
464 Аналитический уровень _0
1 2001
a Прозрение
464 Аналитический уровень _0
1 2001
a Армагеддон
464 Аналитический уровень _0
1 2001
a Эволюция?
464 Аналитический уровень _0
1 2001
a Ренессанс
606 Тематические рубрики __
2 Код системы nlr_sh
a Основная рубрика Художеcтвенная литература
606 Тематические рубрики __
2 Код системы nlr_sh
a Основная рубрика Современная русская литература (произведения)
610 Ключевые слова 1_
a Ключевые слова поэзия
610 Ключевые слова 1_
a Ключевые слова сатира
610 Ключевые слова 1_
a Ключевые слова эпиграммы
610 Ключевые слова 1_
a Ключевые слова пародии
610 Ключевые слова 0_
a Ключевые слова краеведение
610 Ключевые слова 0_
a Ключевые слова литературное краеведение
610 Ключевые слова 0_
a Ключевые слова иронические стихи
610 Ключевые слова 0_
a Ключевые слова сатирические стихи
610 Ключевые слова 0_
a Ключевые слова сатирические стихотворения
610 Ключевые слова 0_
a Ключевые слова современная поэзия
686 Индексы других классификаций __
2 Код системы rubbks
a Классификационный индекс К84(2=411.2)6-5; стК84(2=411.2)6-5
700 Автор _1
a Фамилия Шамсутдинов
b Имя Н. М.
g Полное личное имя Николай Меркамалович
f Даты 1949-
4 Код отношения 070
801 Источник записи _2
b Организация Тюменская ОНБ
a Страна RU
c Дата составления 20250402
g Правила каталогизации PSBO
801 Источник записи _1
b Организация Тюменская ОНБ
a Страна RU
c Дата составления 20250410
g Правила каталогизации PSBO
852 Данные о местонахождении __
i Авторский знак Ш 19
j Шифр хранения К84(2=411.2)6-5
900 Макрообъекты __
a Макрообъекты Муза-пересмешница. Шамсутдинов, Н., 2024
901 Тип документа __
a Ответственный КиК/Котельникова
t Тип документа x
903 Характеристики (МАРС) __
a Дата передачи 20250512
c Наименование библиотеки (МАРС) Муниципальное бюджетное учреждение культуры "Централизованная библиотечная система" г. Сургут (Центральная городская библиотека им. А. С. Пушкина)
990 Данные о заказе (DOS) __
j Количество экземпляров (DOS) 2
t N записи в КСУ для И/У (DOS) 202506